000 00533cam a22002171 4500
001 sa 65001145
003 DLC
005 20260227112107.0
008 890514s1963 xx 000 0 ben
010 _asa 65001145
035 _a(OCoLC)23540769
040 _aDLC
_cMiU
_dDLC
042 _apremarc
050 0 0 _aBP80.U38
_bR3
100 1 _aRahman, Masudur.
245 1 0 _aHayarata Umara bina Ābadula Ājīja.
260 _c[1963]
300 _a97 p.
_c19 cm.
500 _aRomanized.
600 0 0 _aʻUmar
_bII,
_cCaliph,
_d-720.
999 _c61917
_d61917